Dental secrets / (Record no. 22183)
[ view plain ]
| 000 -LEADER | |
|---|---|
| fixed length control field | 02559cam a22003375a 4500 |
| 001 - CONTROL NUMBER | |
| control field | 18224160 |
| 005 - DATE AND TIME OF LATEST TRANSACTION | |
| control field | 20161020113414.0 |
| 008 - FIXED-LENGTH DATA ELEMENTS--GENERAL INFORMATION | |
| fixed length control field | 140710s2015 moua frb 001 0 eng d |
| 010 ## - LIBRARY OF CONGRESS CONTROL NUMBER | |
| LC control number | 2014027439 |
| 020 ## - INTERNATIONAL STANDARD BOOK NUMBER | |
| International Standard Book Number | 9780323262781 (pbk. : alk. paper) |
| 020 ## - INTERNATIONAL STANDARD BOOK NUMBER | |
| International Standard Book Number | 0323262783 (pbk. : alk. paper) |
| 035 ## - SYSTEM CONTROL NUMBER | |
| System control number | (DNLM)101636539 |
| 040 ## - CATALOGING SOURCE | |
| Original cataloging agency | DNLM/DLC |
| Language of cataloging | eng |
| Transcribing agency | DLC |
| Modifying agency | EG-ScBUE |
| 042 ## - AUTHENTICATION CODE | |
| Authentication code | pcc |
| 082 04 - DEWEY DECIMAL CLASSIFICATION NUMBER | |
| Edition number | 22 |
| Classification number | 617.60076 |
| Item number | DEN |
| 245 00 - TITLE STATEMENT | |
| Title | Dental secrets / |
| Statement of responsibility, etc | editor in chief, Stephen T. Sonis. |
| 250 ## - EDITION STATEMENT | |
| Edition statement | 4th ed. |
| 260 ## - PUBLICATION, DISTRIBUTION, ETC. (IMPRINT) | |
| Place of publication, distribution, etc | Sant Louis, Missouri : |
| Name of publisher, distributor, etc | Elsevier, |
| Date of publication, distribution, etc | c.2015. |
| 300 ## - PHYSICAL DESCRIPTION | |
| Extent | vii, 355 p. : |
| Other physical details | ill. (some color) ; |
| Dimensions | 22 cm. |
| 490 0# - Series Statement | |
| Series statement | Secrets |
| 500 ## - GENERAL NOTE | |
| General note | Index : p. 329-355. |
| 504 ## - BIBLIOGRAPHY, ETC. NOTE | |
| Bibliography, etc | Includes bibliographical references. |
| 505 0# - FORMATTED CONTENTS NOTE | |
| Formatted contents note | Patient management : the dentist-patient relationship / Elliot V. Feldbau and Kathy Kommit -- Treatment planning and oral diagnosis / Stephen T. Sonis and Nathaniel Treister -- Management of medically compromised patients / Joseph W. Costa, Jr -- Oral pathology / Sook-Bin Woo -- Oral radiology / Bernard Friedland -- Periodontology / David Kim and Paul A. Levi, Jr -- Endodontics / Steven Levine -- Restorative dentistry / Elliot V. Feldbau, Jennifer L. Frustino and Stephen A. Migliorini -- Prosthodontics / Jennifer L. Frustino and Ralph B. Sozio -- Pediatric dentistry and orthodontics / Andrew L. Sonis and Isabelle Chase -- Oral and maxillofacial surgery / Bonnie L. Padwa and Stephen T. Sonis -- Infection and hazard control / Helene Bednarsh, Kathy Eklund and Eve Cuny -- Dental public health / Edward S. Peters and Lin Li -- Legal issues and ethics / Elliot V. Feldbau and Bernard Friedland. |
| 520 ## - SUMMARY, ETC. | |
| Summary, etc | Offering practical tips and expert answers to topics in dentistry and oral medicine, Dental Secrets, 4th Edition provides an ideal preparation tool for exams, clinical rotations, and board certification. A concise, illustrated Q & A format covers key areas such as oral pathology and radiology, periodontology, endodontics, restorative dentistry, prosthodontics, orthodontics, infection control, and oral and maxillofacial surgery. Written by Stephen Sonis and a team of expert contributors, this mini-reference makes it easier to prepare for real-world clinical scenarios and review for the NBDE and other certification exams. |
| 650 #7 - SUBJECT ADDED ENTRY--TOPICAL TERM | |
| Topical term or geographic name as entry element | Dentistry |
| Form subdivision | Examinations, questions, etc. |
| Source of heading or term | BUEsh |
| 9 (RLIN) | 40774 |
| 651 ## - SUBJECT ADDED ENTRY--GEOGRAPHIC NAME | |
| Source of heading or term | BUEsh |
| 653 ## - INDEX TERM--UNCONTROLLED | |
| Resource For college | |
| Arrived date list | August 2016 |
| 650 #7 - SUBJECT ADDED ENTRY--TOPICAL TERM | |
| 9 (RLIN) | 35939 |
| Topical term or geographic name as entry element | Dental Care |
| 700 1# - ADDED ENTRY--PERSONAL NAME | |
| Personal name | Sonis, Stephen T. |
| Relator term | editor. |
| 9 (RLIN) | 40775 |
| 942 ## - ADDED ENTRY ELEMENTS (KOHA) | |
| Source of classification or shelving scheme | Dewey Decimal Classification |
| Edition | 22 |
| Call number prefix | 617.60076 DEN |
| Withdrawn status | Item status | Source of classification or shelving scheme | Damaged status | Not for loan | Vendor | Home library | Current library | Shelving location | Date acquired | Source of acquisition | Cost, normal purchase price | Serial Enumeration / chronology | Total Checkouts | Total Renewals | Full call number | Barcode | Date last seen | Date last borrowed | Cost, replacement price | Koha item type |
|---|---|---|---|---|---|---|---|---|---|---|---|---|---|---|---|---|---|---|---|---|
| Dewey Decimal Classification | Academic Bookshop | Central Library | Central Library | First floor | 16/08/2016 | Purchase | 535.00 | 9126 | 20 | 86 | 617.60076 DEN | 000033193 | 15/07/2025 | 23/12/2024 | 668.75 | Book - Borrowing |